Statistics for Highest CP Pokemon in Pokemon GO

Click here to take the quiz!

General Stats

  • This quiz has been taken 6 times
  • The average score is 13 of 20

Answer Stats

HintAnswer% Correct
4178Mewtwo
100%
4431Slaking
100%
3792Dragonite
80%
4115Groudon
80%
4115Kyogre
80%
4346Regigigas
80%
3834Tyranitar
80%
4038Zekrom
80%
4038Dialga
60%
3962Garchomp
60%
3791Metagross
60%
3991Palkia
60%
3835Rayquaza
60%
4038Reshiram
60%
3863Ho-Oh
40%
3812Latios
40%
3829Zacian
40%
3829Zamazenta
40%
3833Zarude
40%
3989Meloetta
20%

Score Distribution

Percentile by Number Answered

Percent of People with Each Score

Your Score History

You have not taken this quiz